Pre-flight calibration of air data sensors of a fighter aircraft / (Record no. 164939)

MARC details
000 -LEADER
fixed length control field 00558nam a22001817a 4500
005 - DATE AND TIME OF LATEST TRANSACTION
control field 20190530143801.0
010 ## - LCCN (DPL NO)
LC control number ENG-125409
020 ## - INTERNATIONAL STANDARD BOOK NUMBER
Terms of availability 325.00
035 ## - SYSTEM CONTROL NUMBER
System control number EN-108941
037 ## - SOURCE OF ACQUISITION
Source of stock number/acquisition DBAD/PUB
082 ## - DEWEY DECIMAL CLASSIFICATION NUMBER
Classification number 623.746
100 ## - MAIN ENTRY--PERSONAL NAME
Personal name Singh KP
245 ## - TITLE STATEMENT
Title Pre-flight calibration of air data sensors of a fighter aircraft /
Statement of responsibility, etc by KP Singh
260 ## - PUBLICATION, DISTRIBUTION, ETC. (IMPRINT)
Place of publication, distribution, etc New Delhi
Name of publisher, distributor, etc Defence Research and Development Organisation
Date of publication, distribution, etc 2014
270 ## - ADDRESS
Address Ministry of Defence
City New Delhi
Postal code 110011
300 ## - PHYSICAL DESCRIPTION
Extent 202p.
Dimensions 24cm(pbk)
942 ## - ADDED ENTRY ELEMENTS (KOHA)
Source of classification or shelving scheme Dewey Decimal Classification
Item type English Books
Classification part 623.746
Call number prefix SIN
Holdings
Withdrawn status Lost status Not for loan Collection code Home library Current library Date acquired Source of acquisition Cost, normal purchase price Full call number Barcode Copy number Cost, replacement price Koha item type
    Not For Loan Non-fiction D.B.Act.Division Central Library 30/05/2019 DBAD/PUB 325.00 623.746 EN-108941 1 325.00 English Books

© Delhi Public Library
Hit Counter
free hit counter